Finish the Twilight Quote - Statistics

General Stats
  • This quiz has been taken 165 times
  • The average score is 10 of 15
Answer Stats
Hint Answer % Correct
"This is the skin of a killer, Bella." "This is the skin of a {killer}, Bella."
97%
"Hold on tight, spider monkey." "Hold on tight, {spider} {monkey}."
88%
"Bella! Where the hell have you been, loca?" "Bella! Where the hell have you been, {loca}?"
85%
"And so the lion fell in love with the lamb." "And so the lion fell in love with the {lamb}."
80%
"Aren't people from Arizona supposed to be like, really tan?" "Aren't people from {Arizona} supposed to be like, really tan?"
80%
"You nicknamed my daughter after the Loch Ness Monster?!" "You nicknamed my daughter after the {Loch} {Ness} {Monster}?!"
80%
"How long have you been seventeen?" "A while..." "How long have you been {seventeen}?" "A while..."
78%
"What if I'm not the hero? What if I'm the bad guy?" "What if I'm not the hero? What if I'm the {bad} {guy}?"
78%
"You're like my own personal brand of heroin." "You're like my own personal brand of {heroin}."
72%
"If this is about my soul, take it. I don't want it without you!" "If this is about my {soul}, take it. I don't want it without you!"
68%
"Are you gonna tell me how you stopped the van?" "Are you gonna tell me how you stopped the {van}?"
62%
"You are my life now." "You are my {life} now."
60%
"Doesn't he own a shirt?" "Doesn't he own a {shirt}?"
48%
"La Push, baby. It's La Push." "{La} {Push}, baby. It's {La} {Push}."
40%
"I was unconditionally and irrevocably in love with him." "I was {unconditionally} and {irrevocably} in love with him."
28%
No matching quizzes found
Score Distribution
Percent of People with Each Score
Percentile by Number Answered
Your Score History
You have not taken this quiz